000 01238nam a22002895i 4500
001 152541
003 ES-MaACL
005 20251005063119.0
008 040927q18421944sp |||| | spa d
040 _aCAM
_bspa
_cCAM
080 _a821.133.1-23"18"
100 1 _aAnicet Bourgeois, Auguste,
_d1806-1871
_930979
245 1 0 _aDe una afrenta dos venganzas
_b: drama en cinco actos /
_cescrito en francés por Anicet y Lockroi ; arreglado á la escena española por C.G. Doncel y L. Valladares.
260 _aMadrid :
_b[s.n.,
_c1843?] (
_fImp. de Joaquín Merás y Compañía)
300 _a43 p. ;
_c25 cm.
490 1 _aMuseo dramático
500 _aRepresentado por primera vez en Madrid en el Teatro de la Cruz el dia 26 de mayo de 1843.
594 _aTít. y autor tomados de principio de texto.
596 _aSegún Palau el Museo dramático se imprime entre 1842-1844.
597 _aTexto a dos col.
700 1 _aLockroi.
_9129029
700 1 _aGarcía Doncel, Carlos.
_9126826
700 1 _aValladares y Garriga, Luis.
_9146753
830 0 _aMuseo dramático
_9187645
852 _aES-MaACL
_jF-7489
_z-- Enc. hol.
_q-- Falto de la cub. original
_z-- Enc. en un vol. facticio
999 _c152541
_d152541